| 000 | 00735cab a2200241 4500 | ||
|---|---|---|---|
| 001 | WB3341-23 | ||
| 008 | 090401t1997 xxu||||| |||| 00| 0 eng d | ||
| 035 | _a(Sirsi) u81613 | ||
| 041 | _aeng | ||
| 245 | _aSatellites identify greenhouse problem | ||
| 260 | _c1997 | ||
| 350 | _a0 | ||
| 490 |
_aDaily Telegraph _v20 October 1997, 4(1) |
||
| 520 | _aSatellites are being used to identify the level of carbon emissions per head of population for countries worldwide. | ||
| 650 | _aCARBON DIOXIDE EMISSIONS | ||
| 650 | _aGREENHOUSE GAS EMISSIONS | ||
| 650 | _aLIGHT POLLUTION | ||
| 650 | _aPOLLUTION | ||
| 650 | _aSATELLITE MONITORING | ||
| 690 | _aENVIRONMENTAL AND LAND CONSULTANCY | ||
| 942 | _n0 | ||
| 948 | _c22/10/1997 | ||
| 999 |
_c51434 _d51434 |
||